| 000 | 00702nam a2200205 a 4500 | ||
|---|---|---|---|
| 005 | 20210223124202.0 | ||
| 008 | 010614s1993 es r 000 0 spa d | ||
| 020 | _a8430923357 | ||
| 035 | _aUPN01000108281 | ||
| 049 | _aCG | ||
| 050 | 4 |
_aB2797 _bB6.78 |
|
| 100 | 1 |
_aBorowski, Ludwig Ernst, _d1740-1831 |
|
| 245 | 1 | 0 |
_aRelato de la vida y el carácter de Immanuel Kant / _cLudwing Ernest Borowski ; estudio prel., tr. y notas Agustín González Ruiz. |
| 260 |
_aMadrid : _bTecnos, _c1993. |
||
| 300 | _axxiii, 152 p. | ||
| 440 | 0 |
_aClásicos del pensamiento ; _v98 |
|
| 650 | 4 |
_aFILOSOFOS ALEMANES _915952 |
|
| 600 | 1 | 4 |
_aKANT, IMMANUEL, _d1724-1804 - _xCRITICA E INTERPRETACION _912398 |
| 905 | _aLibro | ||
| 999 |
_c82193 _d82193 |
||